名前に「口」がつく駅 - Statistics

General Stats
  • This quiz has been taken 105 times
    28 since last reset
  • The average score is 73 of 186
Answer Stats
Hint Answer % Correct
山口線 | 愛知環状鉄道線 山口
100%
山陽新幹線山陽本線 他 新山口
96%
京浜東北線 西川口
96%
京浜東北線 川口
96%
武蔵野線埼玉高速鉄道線 東川口
92%
南武線 武蔵溝ノ口
84%
横浜線 大口
84%
和歌山線近鉄吉野線 吉野口
84%
京王高尾線 高尾山口
84%
上越線飯山線 越後川口
80%
東急田園都市線東急大井町線 溝の口
80%
会津鉄道線野岩鉄道線 会津高原尾瀬口
80%
吾妻線 長野原草津口
76%
吾妻線 万座・鹿沢口
76%
桜島線 安治川口
76%
福知山線 | 阪急神戸本線阪急伊丹線 塚口
72%
阪急神戸本線阪急今津線 西宮北口
72%
阪急宝塚本線能勢電鉄妙見線 川西能勢口
72%
東海道本線 甲子園口
68%
和歌山線 高野口
68%
西武狭山線 下山口
68%
京急久里浜線 三崎口
68%
名鉄名古屋本線名鉄津島線 須ヶ口
68%
山陽本線 宮島口
64%
名鉄河和線 河和口
64%
名鉄犬山線 犬山口
64%
近鉄大阪線 榊原温泉口
64%
埼玉高速鉄道線 川口元郷
64%
富士急行線 河口湖
64%
えちぜん鉄道勝山永平寺線 永平寺口
64%
阪急今津線 宝塚南口
60%
阪急甲陽線 苦楽園口
60%
都営大江戸線 新宿西口
60%
神鉄有馬線神鉄三田線 有馬口
60%
只見線 会津川口
56%
南武線 矢野口
56%
身延線 鰍沢口
56%
津山線 津山口
56%
山陽本線 新井口
56%
山口線 上山口
56%
東急多摩川線 矢口渡
56%
名鉄豊川線 稲荷口
56%
近鉄信貴線近鉄西信貴鋼索線 信貴山口
56%
近鉄橿原線 八木西口
56%
近鉄南大阪線 橿原神宮西口
56%
近鉄道明寺線 柏原南口
56%
北陸鉄道石川線 | 広島電鉄宮島線 井口
56%
京都市営地下鉄烏丸線 鞍馬口
56%
能勢電鉄妙見線 妙見口
56%
広島電鉄宮島線 広電宮島口
56%
福知山線 篠山口
52%
名鉄西尾線 西尾口
52%
近鉄南大阪線 河堀口
52%
京阪本線 守口市
52%
京阪石山坂本線 坂本比叡山口
52%
宇都宮ライトレール 宇都宮駅東口
52%
秩父鉄道線 三峰口
52%
愛知環状鉄道線 瀬戸口
52%
大阪メトロ谷町線 守口
52%
高山本線 白川口
48%
山陰本線 大山口
48%
名鉄広見線 御嵩口
48%
名鉄小牧線 小牧口
48%
近鉄大阪線 赤目口
48%
近鉄吉野線 下市口
48%
近鉄長野線 富田林西口
48%
京阪宇治線 桃山南口
48%
野岩鉄道線 上三依塩原温泉口
48%
えちぜん鉄道勝山永平寺線えちぜん鉄道三国芦原線 福井口
48%
山陰本線 中山口
44%
関西本線 月ケ瀬口
44%
高徳線 栗林公園北口
44%
近鉄大阪線 久宝寺口
44%
近鉄大阪線 室生口大野
44%
近鉄南大阪線 二上神社口
44%
阪急京都本線 洛西口
44%
横浜シーサイドライン 海の公園柴口
44%
あいの風とやま鉄道線 新富山口
44%
松浦鉄道線 たびら平戸口
44%
山陰本線 丹波口
40%
近鉄京都線 上鳥羽口
40%
近鉄橿原線 新ノ口
40%
近江鉄道本線 水口
40%
叡山電鉄叡山本線 八瀬比叡山口
40%
参宮線 山田上口
36%
播但線 溝口
36%
伯備線 伯耆溝口
36%
南海高野線 千早口
36%
横浜シーサイドライン 海の公園南口
36%
名古屋市営地下鉄鶴舞線 塩釜口
36%
大阪メトロ南港ポートタウン線 南港口
36%
神鉄粟生線 鈴蘭台西口
36%
五能線 白神岳登山口
32%
大糸線 海ノ口
32%
名松線 伊勢川口
32%
山陰本線 上川口
32%
播但線 京口
32%
芸備線 志和口
32%
土讃線 阿波川口
32%
名鉄常滑線 西ノ口
32%
名鉄河和線 半田口
32%
近鉄生駒線 元山上口
32%
京都丹後鉄道宮福線 福知山市民病院口
32%
神鉄三田線 道場南口
32%
一畑電車大社線 浜山公園北口
32%
土佐くろしお鉄道中村線 土佐上川口
32%
小海線 佐久海ノ口
28%
芸備線 吉田口
28%
芸備線 安芸矢口
28%
京阪鋼索線 ケーブル八幡宮口
28%
秩父鉄道線 浦山口
28%
豊橋鉄道東田本線 赤岩口
28%
名古屋市営地下鉄名港線 築地口
28%
近江鉄道本線 水口松尾
28%
近江鉄道本線 水口城南
28%
和歌山電鐵貴志川線 西山口
28%
一畑電車北松江線 一畑口
28%
広島電鉄宇品線 元宇品口
28%
津山線 野々口
24%
境線 三本松口
24%
高徳線 八栗口
24%
土讃線 祖谷口
24%
近鉄生駒線 勢野北口
24%
三陸鉄道リアス線 山口団地
24%
会津鉄道線 七ヶ岳登山口
24%
アルピコ交通上高地線 森口
24%
京都丹後鉄道宮福線 大江山口内宮
24%
大阪モノレール彩都線 公園東口
24%
六甲ライナー アイランド北口
24%
北九州モノレール 香春口三萩野
24%
福岡市営地下鉄箱崎線 千代県庁口
24%
陸羽西線 古口
20%
土讃線 円行寺口
20%
万葉線 能町口
20%
長良川鉄道線 関口
20%
樽見鉄道線 谷汲口
20%
三岐鉄道三岐線 北勢中央公園口
20%
近江鉄道本線 水口石橋
20%
水間鉄道線 三ヶ山口
20%
伊予鉄道横河原線 愛大医学部南口
20%
奥羽本線 早口
16%
境線 河崎口
16%
徳島線 江口
16%
土讃線 大田口
16%
札幌市電 ロープウェイ入口
16%
道南いさりび鉄道線 清川口
16%
いわて銀河鉄道線 岩手川口
16%
秩父鉄道線 樋口
16%
富山地方鉄道立山線 有峰口
16%
福井鉄道福武線 足羽山公園口
16%
天竜浜名湖鉄道線 宮口
16%
近江鉄道本線 彦根口
16%
叡山電鉄鞍馬線 貴船口
16%
広島電鉄江波線 舟入川口町
16%
広島電鉄宮島線 商工センター入口
16%
琴電長尾線 木太東口
16%
北九州モノレール 徳力嵐山口
16%
松浦鉄道線 福島口
16%
鹿児島市電 水族館口
16%
加古川線 船町口
12%
北陸鉄道浅野川線 三口
12%
えちぜん鉄道勝山永平寺線 追分口
12%
長良川鉄道線 湯の洞温泉口
12%
大井川鐵道大井川本線 田野口
12%
京都丹後鉄道宮豊線 岩滝口
12%
北条鉄道線 法華口
12%
和歌山電鐵貴志川線 田中口
12%
松浦鉄道線 鷹島口
12%
熊本市電 二本木口
12%
肥薩おれんじ鉄道線 折口
12%
豊肥本線 竜田口
8%
富山地方鉄道本線 下立口
8%
万葉線 米島口
8%
万葉線 庄川口
8%
万葉線 新町口
8%
平成筑豊鉄道田川線 柿下温泉口
8%
熊本市電 動植物園入口
8%
熊本市電 本妙寺入口
8%
肥薩線 那良口
4%
日豊本線 山之口
4%
日南線 谷之口
4%
阪堺線 花田口
4%
平成筑豊鉄道伊田線 南直方御殿口
4%
No matching quizzes found
Score Distribution
Percent of People with Each Score
Percentile by Number Answered
Your Score History
You have not taken this quiz since the last reset